| 000 | 00464pab a2200157 454500 | ||
|---|---|---|---|
| 008 | 180718b1987 xxu||||| |||| 00| 0 eng d | ||
| 100 | _aLevin, Michael | ||
| 245 |
_aInterited power and popular representation _bA tension in Hegel's Political theory |
||
| 260 | _c1987 | ||
| 300 | _a105-15 | ||
| 362 | _aMar. | ||
| 650 | _aHegal, Georg Wilhelm Friedrioh - Criticism and Interpretation | ||
| 700 | _aHoward Williams | ||
| 773 | _aPolitical Studies | ||
| 909 | _a9722 | ||
| 999 |
_c9722 _d9722 |
||